| 000 | 00749nmc a2200265 a 4500 | ||
|---|---|---|---|
| 003 | AR-BaBNM | ||
| 005 | 20251128210626.0 | ||
| 008 | 290020s1961 ||||||||||||||000 | spa|| | ||
| 040 | _cAR-BaBNM | ||
| 100 | 1 |
_aMillett, Fred Benjamin _d1890 |
|
| 245 | 1 | 0 |
_aProfessor _bproblems and rewards in college teaching |
| 250 | _a1st ed. | ||
| 260 |
_aNew York _bMacmillan _c1961 |
||
| 300 | _a189 p. | ||
| 490 | 0 | _aCareer book series | |
| 650 | 4 | _aROL DEL DOCENTE | |
| 650 | 4 | _aHISTORIA DE LA EDUCACION | |
| 650 | 4 | _aPERFIL PROFESIONAL DEL DOCENTE | |
| 650 | 4 | _aCARACTERISTICAS DEL DOCENTE | |
| 650 | 4 | _aCONDICIONES DE TRABAJO DEL DOCENTE | |
| 651 | 4 | _aEstados Unidos | |
| 800 | 1 |
_aCole, Charles W. _eeditor |
|
| 942 | _cBK | ||
| 998 | _cRAQUEL | ||
| 999 |
_c16228 _d16228 |
||